[Event "CRO-chT2 Center"]
[Site "Zagreb"]
[Date "2012.10.21"]
[Round "9.13"]
[White "Jaksic, Damir"]
[Black "Mihalinec, Damir"]
[Result "0-1"]
[WhiteElo "2024"]
[BlackElo "2207"]
[PlyCount "80"]
[EventDate "2012.03.18"]
[EventType "team-swiss"]
[EventRounds "11"]
[EventCountry "CRO"]
[SourceTitle "EXT 2019"]
[Source "ChessBase"]
[SourceDate "2018.10.10"]
[SourceVersion "1"]
[SourceVersionDate "2018.10.10"]
[SourceQuality "1"]

1. e4 c5 2. Nf3 d6 3. d4 cxd4 4. Nxd4 Nf6 5. Nc3 g6 6. Be3 Bg7 7. f3 0-0 8. Qd2 Nc6 9. Bc4 Bd7 10. 0-0-0 Rb8 11. Kb1 Na5 12. Bb3 b5 13. Bh6 Nc4 14. Bxc4 bxc4 15. Bxg7 Qb6 16. b3 Kxg7 17. Nd5 Nxd5 18. exd5 a5 19. Nc6 cxb3 20. cxb3 Bxc6 21. dxc6 a4 22. Qc3+ Kg8 23. c7 Ra8 24. Rhe1 axb3 25. axb3 e6 26. Re4 d5 27. Rh4 Rfc8 28. Rdd4 Rxc7 29. Qb2 e5 30. Rd1 Qf6 31. Ra4 Qf5+ 32. Ka1 Rac8 33. Qd2 d4 34. Qd3 Rc1+ 35. Kb2 R8c2+ 36. Ka3 Ra1+ 37. Kb4 Rxa4+ 38. Kxa4 Qd7+ 39. Qb5 Qa7+ 40. Kb4 Qe7+ 0-1

[Event "CRO-chT2 Center"]
[Site "Zagreb"]
[Date "2012.10.14"]
[Round "7.24"]
[White "Djeno, Drago"]
[Black "Jaksic, Damir"]
[Result "1-0"]
[WhiteElo "2218"]
[BlackElo "2024"]
[PlyCount "67"]
[EventDate "2012.03.18"]
[EventType "team-swiss"]
[EventRounds "11"]
[EventCountry "CRO"]
[SourceTitle "EXT 2019"]
[Source "ChessBase"]
[SourceDate "2018.10.10"]
[SourceVersion "1"]
[SourceVersionDate "2018.10.10"]
[SourceQuality "1"]

1. c4 Nf6 2. Nc3 g6 3. g3 Bg7 4. Bg2 0-0 5. Nf3 d6 6. 0-0 e5 7. b4 Nc6 8. Rb1 Ng4 9. h3 Nh6 10. d3 f5 11. Bg5 Qd7 12. Nd5 Nf7 13. b5 Nxg5 14. bxc6 Nxf3+ 15. Bxf3 bxc6 16. Nb4 Bb7 17. Qa4 e4 18. dxe4 fxe4 19. Bxe4 Qxh3 20. Nxc6 Bxc6 21. Qxc6 Rae8 22. Rb7 Re7 23. Rxc7 Rxc7 24. Qxc7 Be5 25. Bg2 Qc8 26. Bd5+ Kh8 27. Qxa7 Qh3 28. Qe7 Rf5 29. Bg2 Qh6 30. Rb1 Qf8 31. Rb7 Bg7 32. Qxf8+ Rxf8 33. Rd7 Be5 34. e3 1-0

[Event "CRO-chT2 Center"]
[Site "Croatia"]
[Date "2011.10.02"]
[Round "8.44"]
[White "Jaksic, Damir"]
[Black "Havas, Ladislav"]
[Result "0-1"]
[WhiteElo "2033"]
[BlackElo "2274"]
[PlyCount "66"]
[EventDate "2011.03.20"]
[EventType "team-tourn"]
[EventRounds "11"]
[EventCountry "CRO"]
[SourceTitle "EXT 2014"]
[Source "ChessBase"]
[SourceDate "2013.11.20"]
[SourceVersion "1"]
[SourceVersionDate "2013.11.20"]
[SourceQuality "1"]

1. e4 c5 2. Nf3 d6 3. d4 cxd4 4. Nxd4 Nf6 5. Nc3 g6 6. Be3 Bg7 7. f3 0-0 8. Qd2 Nc6 9. Bc4 Bd7 10. 0-0-0 Rc8 11. Bb3 Nxd4 12. Bxd4 b5 13. Nd5 Nxd5 14. Bxg7 Kxg7 15. Bxd5 a5 16. a3 Qc7 17. h4 h6 18. g4 b4 19. axb4 axb4 20. Rh2 Qa5 21. Kb1 Ra8 22. c3 Rab8 23. cxb4 Rxb4 24. Rc1 e6 25. Qc3+ Kh7 26. Bc4 Rc8 27. Qf6 Kg8 28. Rhc2 Ra8 29. b3 d5 30. exd5 exd5 31. h5 dxc4 32. hxg6 Rxb3+ 33. Rb2 Qa1+ 0-1

[Event "CRO-chT2b"]
[Site "Croatia"]
[Date "2009.03.01"]
[Round "1"]
[White "Jaksic, Damir"]
[Black "Bozinovic, Bogdan"]
[Result "0-1"]
[WhiteElo "2030"]
[BlackElo "2323"]
[PlyCount "72"]
[EventDate "2009.03.01"]
[EventType "team-tourn"]
[EventRounds "11"]
[EventCountry "CRO"]
[SourceTitle "EXT 2010"]
[Source "ChessBase"]
[SourceDate "2010.11.25"]
[SourceVersion "1"]
[SourceVersionDate "2010.11.25"]
[SourceQuality "1"]

1. e4 c5 2. Nf3 d6 3. d4 cxd4 4. Nxd4 Nf6 5. Nc3 a6 6. f3 e6 7. Be3 Nbd7 8. Qd2 b5 9. g4 Nb6 10. Qf2 Nfd7 11. 0-0-0 Bb7 12. Bd3 Rc8 13. Kb1 Rxc3 14. bxc3 Na4 15. Qe1 Qc7 16. Bd2 d5 17. Ka1 Ba3 18. Rb1 0-0 19. g5 Rc8 20. h4 Ne5 21. f4 Nc4 22. Bxc4 Qxc4 23. e5 Bc5 24. Qe2 Bxd4 25. Qxc4 dxc4 26. cxd4 Bxh1 27. Rxh1 c3 28. Bc1 Nb6 29. a3 Rc4 30. Rd1 Kf8 31. h5 Nd5 32. Ka2 a5 33. Rf1 Rxd4 34. f5 exf5 35. Rxf5 g6 36. hxg6 hxg6 0-1